000 00460nam a2200217Ia 4500
003 IT-RoPAU
008 120407s9999 xx 000 0 und d
040 _aIT-RoPAU
040 _cIT-RoPAU
041 _afra
100 _aPhilippe Malrieu
245 _aLa construction de l’immaginaire.
250 _aBruxelles
260 _aC. Dessart
260 _c1967
300 _a248 p.
300 _c18,5 cm
490 _v1
942 _cBK
999 _c30291
_d30291